000 00348nam a2200145Ia 4500
008 240624s9999 xx 000 0 und d
041 _aeng
082 _a658.5 BEN
100 _aBENNETT DAVID
245 _aOPERATIONS MANAGEMENT II
260 _c2006
_aLondon
_bSage
300 _axxxiii, : 338 : p. : cm. ; 23
365 _cGBP
_b50
440 _v6
999 _c27353
_d27353